Préservation de la fertilité dans le parcours transgenre : l’expérience de la Fédération française des centres d’étude et de conservation des oeufs et du sperme (notice n° 1673452)
[ vue normale ]
| 000 -LEADER | |
|---|---|
| fixed length control field | 04426cam a2200553 4500500 |
| 005 - DATE AND TIME OF LATEST TRANSACTION | |
| control field | 20260301001226.0 |
| 041 ## - LANGUAGE CODE | |
| Language code of text/sound track or separate title | fre |
| 042 ## - AUTHENTICATION CODE | |
| Authentication code | dc |
| 100 10 - MAIN ENTRY--PERSONAL NAME | |
| Personal name | Eustache, Florence |
| Relator term | author |
| 245 00 - TITLE STATEMENT | |
| Title | Préservation de la fertilité dans le parcours transgenre : l’expérience de la Fédération française des centres d’étude et de conservation des oeufs et du sperme |
| 260 ## - PUBLICATION, DISTRIBUTION, ETC. | |
| Date of publication, distribution, etc. | 2022.<br/> |
| 500 ## - GENERAL NOTE | |
| General note | 2 |
| 520 ## - SUMMARY, ETC. | |
| Summary, etc. | In France, fertility preservation (FP) was until recently very rarely offered to transgender persons despite the existing desire for a child. The proposed treatments, hormone therapy and reassignment surgery, are far from being without risk on gametic quality and production. French law authorizesfertility preservation before any treatment with sterilizing risks. Thus, several Cecos centers have responded to these new requests. A national multicenter survey was conducted between January 2019 and October 2020 in 28 centers of the French Cecos network. Each center was surveyed to find out how manyTG individuals were coming, being informed, and being managed for FP. During this period, nearly 600 trans individuals presented to a Cecos center. Trans men were significantly younger than trans women. Nearly half of the trans people who came were able to perform oocyte or sperm conservation. However, 66% of trans women did so while only 11% of trans men did. Thus, the vast majority of Cecos centers are able to treat trans people for FP. This is the first study with such a large population. |
| 520 ## - SUMMARY, ETC. | |
| Summary, etc. | En France, la préservation de la fertilité (PF) était jusqu’à récemment très peu proposée aux personnes transgenres (TG), malgré le désir d’enfant existant. Les traitements proposés, hormonothérapie et chirurgie de réassignation, sont loin d’être sans risque sur la qualité et la production gamétiques. La loi française autorise une PF avant tout traitement à risque stérilisant. Ainsi, plusieurs centres d’étude et de conservation des oeufs et du sperme (Cecos) ont répondu à ces nouvelles demandes. Une enquête nationale multicentrique a été réalisée entre janvier 2019 et octobre 2020 dans 28 centres de procréation médicalement assistée du réseau français des Cecos. Chaque centre a été interrogé pour savoir combien de personnes TG venaient, étaient informées et prises en charge pour la PF. Au cours de cette période, près de 600 personnes TG se sont présentées dans un centre Cecos. Les hommes TG étaient significativement plus jeunes que les femmes TG. Près de la moitié des personnes TG venues ont pu réaliser une conservation d’ovocytes ou de spermatozoïdes. Cependant, 66 % de femmes TG en ont bénéficié, alors que seulement 11 % des hommes TG l’ont fait. Ainsi, la très grande majorité des Cecos peuvent prendre en charge les personnes TG en vue d’une PF. Il s’agit de la première étude avec un effectif aussi important. |
| 690 ## - LOCAL SUBJECT ADDED ENTRY--TOPICAL TERM (OCLC, RLIN) | |
| Topical term or geographic name as entry element | ovocytes |
| 690 ## - LOCAL SUBJECT ADDED ENTRY--TOPICAL TERM (OCLC, RLIN) | |
| Topical term or geographic name as entry element | préservation de la fertilité |
| 690 ## - LOCAL SUBJECT ADDED ENTRY--TOPICAL TERM (OCLC, RLIN) | |
| Topical term or geographic name as entry element | spermatozoïde |
| 690 ## - LOCAL SUBJECT ADDED ENTRY--TOPICAL TERM (OCLC, RLIN) | |
| Topical term or geographic name as entry element | transidentité |
| 690 ## - LOCAL SUBJECT ADDED ENTRY--TOPICAL TERM (OCLC, RLIN) | |
| Topical term or geographic name as entry element | fertility preservation |
| 690 ## - LOCAL SUBJECT ADDED ENTRY--TOPICAL TERM (OCLC, RLIN) | |
| Topical term or geographic name as entry element | oocytetechnology |
| 690 ## - LOCAL SUBJECT ADDED ENTRY--TOPICAL TERM (OCLC, RLIN) | |
| Topical term or geographic name as entry element | spermatozoa |
| 690 ## - LOCAL SUBJECT ADDED ENTRY--TOPICAL TERM (OCLC, RLIN) | |
| Topical term or geographic name as entry element | transgender |
| 700 10 - ADDED ENTRY--PERSONAL NAME | |
| Personal name | Ducrocq, Bérengère |
| Relator term | author |
| 700 10 - ADDED ENTRY--PERSONAL NAME | |
| Personal name | Mendes, Nicolas |
| Relator term | author |
| 700 10 - ADDED ENTRY--PERSONAL NAME | |
| Personal name | Dupont, Charlotte |
| Relator term | author |
| 700 10 - ADDED ENTRY--PERSONAL NAME | |
| Personal name | Delepine, Béatrice |
| Relator term | author |
| 700 10 - ADDED ENTRY--PERSONAL NAME | |
| Personal name | Mirallie, Sophie |
| Relator term | author |
| 700 10 - ADDED ENTRY--PERSONAL NAME | |
| Personal name | Papaxanthos, Aline |
| Relator term | author |
| 700 10 - ADDED ENTRY--PERSONAL NAME | |
| Personal name | Magnan, Fanny |
| Relator term | author |
| 700 10 - ADDED ENTRY--PERSONAL NAME | |
| Personal name | Grèze, Cécile |
| Relator term | author |
| 700 10 - ADDED ENTRY--PERSONAL NAME | |
| Personal name | Hennebicq, Sylviane |
| Relator term | author |
| 700 10 - ADDED ENTRY--PERSONAL NAME | |
| Personal name | Koscinski, Isabelle |
| Relator term | author |
| 700 10 - ADDED ENTRY--PERSONAL NAME | |
| Personal name | Drapier, Hortense |
| Relator term | author |
| 700 10 - ADDED ENTRY--PERSONAL NAME | |
| Personal name | Frapsauce, Cynthia |
| Relator term | author |
| 700 10 - ADDED ENTRY--PERSONAL NAME | |
| Personal name | Mayeur, Anne |
| Relator term | author |
| 700 10 - ADDED ENTRY--PERSONAL NAME | |
| Personal name | Clarotti, Marie-Ange |
| Relator term | author |
| 700 10 - ADDED ENTRY--PERSONAL NAME | |
| Personal name | Mons, Joffrey |
| Relator term | author |
| 700 10 - ADDED ENTRY--PERSONAL NAME | |
| Personal name | Schmitt, Françoise |
| Relator term | author |
| 700 10 - ADDED ENTRY--PERSONAL NAME | |
| Personal name | May-Panloup, Pascale |
| Relator term | author |
| 700 10 - ADDED ENTRY--PERSONAL NAME | |
| Personal name | Blagosklonov, Oxana |
| Relator term | author |
| 700 10 - ADDED ENTRY--PERSONAL NAME | |
| Personal name | Brugnon, Florence |
| Relator term | author |
| 700 10 - ADDED ENTRY--PERSONAL NAME | |
| Personal name | Cabry, Rosalie |
| Relator term | author |
| 700 10 - ADDED ENTRY--PERSONAL NAME | |
| Personal name | Fauque, Patricia |
| Relator term | author |
| 700 10 - ADDED ENTRY--PERSONAL NAME | |
| Personal name | Thibault, Emmanuelle |
| Relator term | author |
| 700 10 - ADDED ENTRY--PERSONAL NAME | |
| Personal name | Metzler-Guillemain, Catherine |
| Relator term | author |
| 700 10 - ADDED ENTRY--PERSONAL NAME | |
| Personal name | Rives, Nathalie |
| Relator term | author |
| 786 0# - DATA SOURCE ENTRY | |
| Note | Médecine de la Reproduction | 24 | 1 | 2022-01-01 | p. 84-90 | 2650-8427 |
| 856 41 - ELECTRONIC LOCATION AND ACCESS | |
| Uniform Resource Identifier | <a href="https://stm.cairn.info/revue-medecine-de-la-reproduction-2022-1-page-84?lang=fr&redirect-ssocas=7080">https://stm.cairn.info/revue-medecine-de-la-reproduction-2022-1-page-84?lang=fr&redirect-ssocas=7080</a> |
Pas d'exemplaire disponible.




Réseaux sociaux